000 00425nam a2200181Ia 4500
001 9034
005 20260306160654.0
008 260306t1996||||xx |||||||||||||| ||spa||
041 _aESP
082 _a372.372
_bS85
100 _aSuárez, Oscar
_eAUT
245 0 _aCómo entender la educación sexual
260 _c1996
300 _a69 páginas :
_c21 cm.
650 _aGEN
654 _aCED
942 _cLIB
_dJUS
_fJUS
_2ddc
_n
999 _c9034
_d9034